Amazonia: Healing With Sacred Plants (Record no. 335009)
[ view plain ]
| 000 -LEADER | |
|---|---|
| fixed length control field | 00566nam a2200097Ia 4500 |
| 008 - FIXED-LENGTH DATA ELEMENTS--GENERAL INFORMATION | |
| fixed length control field | 170517s9999 xx 000 0 und d |
| 245 ## - TITLE STATEMENT | |
| Title | Amazonia: Healing With Sacred Plants |
| 300 ## - PHYSICAL DESCRIPTION | |
| Extent | Alberto Villoldo, psychologist, anthropologist and bestselling author, has studied the shamanic healing practices of the Amazon for over 25 years. In this beautifully filmed documentary he reveals secrets of the jungle's sacred plants and the healers who administer them,... |
| 650 ## - SUBJECT ADDED ENTRY--TOPICAL TERM | |
| General subdivision | Technology. |
| 856 ## - ELECTRONIC LOCATION AND ACCESS | |
| Uniform Resource Identifier | <a href="http://topdocumentaryfilms.com/amazonia-healing-with-sacred-plants/">http://topdocumentaryfilms.com/amazonia-healing-with-sacred-plants/</a> |
| Withdrawn status | Lost status | Damaged status | Home library | Current library | Date acquired | Total Checkouts | Date last seen | Price effective from | Koha item type |
|---|---|---|---|---|---|---|---|---|---|
| College Library | College Library | 05/17/2017 | 05/17/2017 | 05/17/2017 | Documentary Films |